Estadísticas para Matemáticas rápidas: ¡triplica ese número!

Haz click aquí para intentar la prueba.

Estadísticas generales

  • Esta prueba ha sido intentada 87 veces
  • La puntuación promedio es 12 de 20

Estadísticas de respuestas

númerotriple% Correcto
40120
100%
53159
100%
721
100%
824
100%
927
100%
2266
100%
1133
90%
100300
88%
1236
88%
2575
88%
86258
86%
1030
86%
72216
83%
1545
83%
2472
83%
71213
80%
3090
80%
515
75%
82246
75%
95285
75%
1648
75%
1751
75%
60180
73%
81243
73%
92276
73%
99297
73%
36108
71%
51153
71%
2060
71%
42126
70%
56168
70%
1854
70%
2678
70%
39117
67%
50150
67%
618
67%
61183
67%
62186
67%
63189
67%
90270
67%
41123
63%
70210
63%
91273
63%
1339
63%
1957
63%
49147
62%
79237
62%
66198
60%
93279
60%
1442
60%
2781
60%
3193
60%
43129
58%
2369
58%
34102
57%
80240
57%
94282
57%
2987
57%
59177
56%
77231
55%
85255
55%
54162
50%
55165
50%
89267
50%
3296
50%
46138
44%
52156
44%
35105
43%
74222
43%
83249
43%
64192
42%
88264
41%
44132
40%
47141
40%
76228
40%
37111
38%
48144
38%
97291
38%
98294
38%
3399
38%
87261
36%
57171
33%
69207
33%
75225
33%
96288
33%
2163
33%
2884
33%
38114
30%
65195
29%
67201
29%
73219
29%
45135
25%
58174
25%
84252
25%
78234
13%
68204
0%

Distribución de puntuación

Porcentaje por número respondido

Porcentaje de gente con cada puntuación

Historial de tus puntuaciones

No has intentado esta prueba.